000 00413nam a22001697a 4500
005 20180618114406.0
008 160429b xxu||||| |||| 00| 0 eng d
020 _a978-81-3170704-3
041 _aeng
082 _b00859
_a658
100 _aStoner AF James and others
_94380
245 _aManagement
260 _aNew Delhi
_bPearson Education,
_c1995
300 _a656
650 _aManagement
_9241
942 _cBK
999 _c283
_d283